000 00306 a2200133 4500
005 20250702085634.0
020 _a0-8164-0413-5
082 _a658 SIM
100 _aSIMS, E . R
245 _aA Season With The Savior,
260 _aNew York,
_bThe Seabury Press,
_c1978.
300 _c22cm.
942 _2ddc
_cBKS
999 _c6577
_d6577